| 000 | 00379nam a2200145Ia 4500 | ||
|---|---|---|---|
| 008 | 150201s2002 xx 000 0 und d | ||
| 082 |
_a615.695 _bE2002M |
||
| 100 | _aHARSH MOHAN | ||
| 245 | _aESSENTIAL OF PATHOLOGY FOR DENTAL STUDENTS | ||
| 250 | _a2ND | ||
| 260 |
_bJAYPEE MEDICAL PUBLISHER _aDELHI _c2002 |
||
| 300 | _a1-544 | ||
| 650 | _aORAL PATHOLOGY | ||
| 942 |
_2ddc _cBK _01 |
||
| 999 |
_c2836 _d2836 |
||